Countries by Territories - Statistics

General Stats
  • This quiz has been taken 337 times
  • The average score is 8 of 9
Answer Stats
Territories Country % Correct
Hong Kong, Macau China
99%
Faroe Islands, Greenland Denmark
99%
Guam, Northern Mariana Islands United States
97%
Guadeloupe, Réunion France
94%
Bermuda, Turks and Caicos Islands United Kingdom
94%
Aruba, Curaçao Netherlands
93%
Bouvet Island, Svalbard Norway
93%
Christmas Island, Cocos Island Australia
88%
Cook Islands, Niue New Zealand
88%
No matching quizzes found
Score Distribution
Percent of People with Each Score
Percentile by Number Answered
Your Score History
You have not taken this quiz